|
|
|
|
| LEADER |
00000cas a2200000 4500 |
| 001 |
vtls012067564 |
| 003 |
SK-MaSNL |
| 005 |
20260228155926.0 |
| 008 |
210906c20219999xo fr p 0 b0slo |
| 022 |
|
|
|a 2729-8787
|
| 040 |
|
|
|a SNK
|b slo
|c SNK
|e rda
|
| 041 |
0 |
|
|a slo
|
| 044 |
|
|
|a xo
|c SK
|
| 072 |
|
7 |
|a 79
|x Rekreácia. Voľný čas. Zábavy. Hry. Šport
|2 konspekt
|
| 072 |
|
7 |
|a 796
|x Šport. Hry. Telesné cvičenia
|2 konspekt
|
| 072 |
|
7 |
|a 502
|x Životné prostredie a jeho ochrana
|2 konspekt
|
| 080 |
|
|
|a 796.524
|2 2011
|
| 080 |
|
|
|a 796.5
|2 2011
|
| 080 |
|
|
|a 502.2
|2 2011
|
| 245 |
0 |
0 |
|a Hikemates
|b magazín písaný s batohom na pleciach
|
| 264 |
|
1 |
|a Bratislava
|b Hikemates s.r.o.
|c 2021-
|
| 310 |
|
|
|a 2x ročne
|
| 336 |
|
|
|a text
|b txt
|2 rdacontent
|
| 337 |
|
|
|a bez média
|b n
|2 rdamedia
|
| 338 |
|
|
|a zväzok
|b nc
|2 rdacarrier
|
| 362 |
0 |
|
|a Roč. 1, č. 1 (2021)-
|
| 500 |
|
|
|a Šéfredaktor: 2021-, Patrik Pajta
|
| 500 |
|
|
|a Evidenčné č. MK SR : EV 6011/2021
|
| 500 |
|
|
|a Časopis má dvojaké číslovanie
|
| 650 |
0 |
7 |
|a turistika
|2 SNKPH
|9 683
|
| 650 |
0 |
7 |
|a cestovanie
|2 SNKPH
|9 18846
|
| 650 |
0 |
7 |
|a voľný čas
|2 SNKPH
|9 3355
|
| 650 |
0 |
7 |
|a príroda
|2 SNKPH
|9 3813
|
| 655 |
|
7 |
|a časopisy pre voľný čas
|2 SNKPH
|9 70337
|
| 700 |
1 |
|
|a Pajta, Patrik
|4 pbd
|9 265609
|
| 999 |
|
|
|c 905
|d 905
|
| 952 |
|
|
|0 0
|1 0
|4 0
|7 0
|8 0
|a SNK
|b SNK
|d 2024-04-10
|i snk2024/5689
|l 0
|o snkČSB 7842/1/2021/1
|p 17A1522958
|r 2026-02-21 19:58:17
|t č. 1
|w 2026-02-21
|y PREZ
|
| 952 |
|
|
|0 0
|1 0
|4 0
|7 0
|8 0
|a SNK
|b SNK
|d 2024-04-10
|i snk2024/5690
|l 0
|o snkČSB 7842/1/2021/2
|p 17A1522959
|r 2026-02-21 19:58:20
|t č. 2
|w 2026-02-21
|y PREZ
|
| 952 |
|
|
|0 0
|1 0
|4 0
|7 0
|8 0
|a SNK
|b SNK
|d 2024-04-10
|i snk2024/5692
|l 0
|o snkČSB 7842/2/2022/1
|p 17A1522960
|r 2026-02-21 19:58:20
|t č. 1 (3)
|w 2026-02-21
|y PREZ
|
| 952 |
|
|
|0 0
|1 0
|4 0
|7 0
|8 0
|a SNK
|b SNK
|d 2024-04-10
|i snk2024/5693
|l 0
|o snkČSB 7842/2/2022/2
|p 17A1522961
|r 2026-02-21 19:58:20
|t č. 2 (4)
|w 2026-02-21
|y PREZ
|
| 952 |
|
|
|0 0
|1 0
|4 0
|7 0
|8 0
|a SNK
|b SNK
|d 2024-04-10
|i snk2024/5695
|l 0
|o snkČSB 7842/3/2023/1
|p 17A1522962
|r 2026-02-21 19:58:20
|t č. 1 (5)
|w 2026-02-21
|y PREZ
|
| 952 |
|
|
|0 0
|1 0
|4 0
|7 0
|8 0
|a SNK
|b SNK
|d 2024-04-10
|i snk2024/5696
|l 0
|o snkČSB 7842/3/2023/2
|p 17A1522963
|r 2026-02-21 19:58:20
|t č. 2 (6)
|w 2026-02-21
|y PREZ
|